The wind in the willows
שמור ב:
| מחבר ראשי: | |
|---|---|
| פורמט: | ספר |
| שפה: | Undetermined |
| יצא לאור: |
Oxford
Oxford University Press
2000
|
| נושאים: | |
| תגים: |
הוספת תג
אין תגיות, היה/י הראשונ/ה לתייג את הרשומה!
|
| Thư viện lưu trữ: | Trung tâm Học liệu Trường Đại học Cần Thơ |
|---|
| LEADER | 00530nam a2200205Ia 4500 | ||
|---|---|---|---|
| 001 | CTU_88430 | ||
| 008 | 210402s9999 xx 000 0 und d | ||
| 020 | |c 31000 | ||
| 082 | |a 823.9 | ||
| 082 | |b G742 | ||
| 100 | |a Grahame, Kenneth | ||
| 245 | 4 | |a The wind in the willows | |
| 245 | 0 | |c Kenneth Grahame | |
| 260 | |a Oxford | ||
| 260 | |b Oxford University Press | ||
| 260 | |c 2000 | ||
| 650 | |a Animals,English fiction | ||
| 650 | |x Fiction | ||
| 904 | |i Giang,Hải | ||
| 980 | |a Trung tâm Học liệu Trường Đại học Cần Thơ | ||